000
00292nam a22001337a 4500
999
_c
12737
_d
12737
020
_a
9781285091150
082
_a
515
100
_a
Larson,Ron & Edwards,Bruce
245
_a
Multivariable Calculus
250
_a
10th
260
_a
China
_b
Cengage
_c
2014
300
_a
1156 pages
942
_c
BK